| 000 | 00848cam a22002533a 4500 | ||
|---|---|---|---|
| 001 | 38173 | ||
| 003 | PGUSA | ||
| 005 | 20140828083836.0 | ||
| 008 | 111130s2011||||xxu|||||s|||||000 | eng d | ||
| 040 |
_aPGUSA _beng |
||
| 042 | _adc | ||
| 050 | 4 | _aE456 | |
| 100 | 1 |
_aAbel, Annie Heloise, _d1873-1947 |
|
| 245 | 1 | 4 |
_aThe American Indian as Slaveholder and Seccessionist : _bAn Omitted Chapter in the Diplomatic History of the Southern Confederacy _h[electronic resource] / _cAnnie Heloise Abel |
| 260 |
_bProject Gutenberg, _c2011 |
||
| 506 | _aPublic domain in the USA. | ||
| 516 | _aElectronic text | ||
| 653 | _aSlavery -- United States | ||
| 653 | _aUnited States -- History -- Civil War, 1861-1865 | ||
| 653 | _aIndian Territory | ||
| 830 | 0 |
_aProject Gutenberg _v38173 |
|
| 856 | 4 | 0 | _uhttp://www.gutenberg.org/ebooks/38173 |
| 942 | _cEB | ||
| 999 |
_c267427 _d267427 |
||